Metodologické hľadiská vyjadrenia a hodnotenia dopytu po cestovnom ruchu
Podstata dopytu v ekonomickej teórii a cestovnom ruchu. Faktory ovplyvňujúce dopyt po cestovnom ruchu. Meranie dopytu po cestovnom ruchu.
Enregistré dans:
| Auteur principal: | |
|---|---|
| Format: | Chapitre de livre |
| Langue: | slovaque |
| Sujets: | |
| Tags: |
Pas de tags, Soyez le premier à ajouter un tag!
|
MARC
| LEADER | 00000naa a2200000 4500 | ||
|---|---|---|---|
| 001 | 0166540 | ||
| 005 | 20231016074559.1 | ||
| 041 | 0 | |a slo | |
| 044 | |a SK | ||
| 245 | 1 | 0 | |a Metodologické hľadiská vyjadrenia a hodnotenia dopytu po cestovnom ruchu |c Kristína Pompurová |
| 520 | |a Podstata dopytu v ekonomickej teórii a cestovnom ruchu. Faktory ovplyvňujúce dopyt po cestovnom ruchu. Meranie dopytu po cestovnom ruchu. | ||
| 610 | 2 | 0 | |a ruch cestovný |
| 610 | 2 | 0 | |a dopyt |
| 610 | 2 | 0 | |a príjmy |
| 610 | 2 | 0 | |a výdavky |
| 610 | 2 | 0 | |a ceny |
| 610 | 2 | 0 | |a doprava |
| 610 | 2 | 0 | |a bezpečnosť |
| 610 | 2 | 0 | |a kvalita |
| 610 | 2 | 0 | |a služby |
| 610 | 2 | 0 | |a meranie |
| 100 | 1 | |a Pompurová, Kristína | |